000 01393cam a2200313K 4500
001 8083135
003 ARRUPE
005 20161114094028.0
006 m d
007 cr bn||||||abp
007 cr bn||||||ada
008 100523s1908 it o 000 0 ita d
035 _a(OCoLC)ocn629895876
035 _a(OCoLC)629895876
040 _aOCLCE
_bdut
_cOCLCE
049 _aZCUA
100 0 _aIgnitius of Loyola, St
_cde de Loyola,
_d1491-1556.
_927346
245 1 0 _aConstituciones de la Compania de Jesús y sus declaraciones
_cIgnacio de Loyola ; reprod. fototípica del original.
260 _aRoma :
_bStabilimento Danesi,
_c1908.
300 _aXV, 147p. ;
_c35 cm.
506 _3Use copy
_fRestrictions unspecified
_2star
_5MiAaHDL
533 _aElectronic reproduction.
_b[S.l.] :
_cHathiTrust Digital Library,
_d2010.
538 _aMaster and use copy. Digital master created according to Benchmark for Faithful Digital Reproductions of Monographs and Serials, Version 1. Digital Library Federation, December 2002.
_uhttp://purl.oclc.org/DLF/benchrepro0212
583 1 _adigitized
_c2010
_hHathiTrust Digital Library
_lcommitted to preserve
_2pda
_5MiAaHDL
650 _aJesuits
_xConstitution
_910762
776 1 _cOriginal
_w(OCoLC)65557641
856 4 0 _3HathiTrust Digital Library
_uhttp://catalog.hathitrust.org/api/volumes/oclc/65557641.html
942 _2lcc
_cMONOGRAPH
999 _c125693
_d125693